000 00304nam a22001337a 4500
008 171031b xxu||||| |||| 00| 0 eng d
020 _a9780470147092
041 _aeng
080 _22 ED
_a33
100 _a58
101 _aBUS
245 _aBUSSINESS ETIQUETTE FOR DUMMIES
_cFOX.S
942 _2udc
_cBK
999 _c36795
_d36795